000 00430nam a2200157Ia 4500
008 210719s1914 xx 000 0 und d
041 _aeng
082 _a823.9 SHOJ
100 _aSHORTHOUSE
245 _aJohn Inglesant: a romance
260 _aLondon
_bMacmillan & Co. Ltd.
_c1914
300 _ax,445
_bHB
650 _aEnglish Fiction
650 _aEnglish Literature
906 _aa ; Inglesant ; Inglesant: ; John ; romance
999 _c214321
_d214321